Manual de derecho romano /

Guardado en:
Autor Principal: Di Pietro, Alfredo
Otros Autores: Lapieza Elli, Angel Enrique
Formato: Libro
Idioma:Spanish
Publicado: Buenos Aires : Lexis Nexis, 2005.
Edición:5a. ed.
Materias:
Etiquetas: Agregar Etiqueta
Sin Etiquetas, Sea el primero en etiquetar este registro!
LEADER 00768nam a22002175a 4500
001 DER.der007530
008 180615s2005####ag#||||||||||||||#||spa||
005 20250414125307.0
245 1 0 |a Manual de derecho romano /  |c Alfredo Di Pietro, Angel Enrique Lapieza Elli. 
250 |a 5a. ed. 
260 |a Buenos Aires :  |b Lexis Nexis,  |c 2005. 
300 |a 486 p. 
020 |a 9875920053 
100 1 |a Di Pietro, Alfredo 
700 1 |a Lapieza Elli, Angel Enrique 
650 7 |a DERECHO ROMANO 
859 |a DERECHO  |b BIB. DERECHO  |h 340.54  |i DIP  |p 005778 
859 |a DERECHO  |b BIB. DERECHO  |h 340.54  |i DIP  |p 005779  |t 1 
859 |a DERECHO  |b BIB. DERECHO  |h 340.54  |i DIP  |p 005780  |t 2 
859 |a DERECHO  |b BIB. DERECHO  |h 340.54  |i DIP  |p 005781  |t 3 
859 |a DERECHO  |b BIB. DERECHO  |h 340.54  |i DIP  |p 005782  |t 4